| 000 | 00349nam a22001337a 4500 | ||
|---|---|---|---|
| 082 |
_a891.4393 _bRAZ _cN-01,P-46 |
||
| 100 |
_aRazia Butt _91005 |
||
| 245 | _aچاہتیں کیسی | ||
| 260 |
_aLahore: _bSang-e-meail Publication. _c1998. |
||
| 300 | _a320p. | ||
| 526 |
_a0 _b0 _c0 _d891_439300000000000_RAZ |
||
| 650 |
_aNUST _96342 |
||
| 942 |
_2ddc _cBK |
||
| 999 |
_c549947 _d549947 |
||